[Event "RUS-ch Youth U21 Boys 2018"]
[Site "Loo"]
[Date "2018.04.25"]
[Round "6"]
[White "Triapishko, Alexandr"]
[Black "Ofitserian, Boris"]
[Result "1-0"]
[WhiteElo "2504"]
[BlackElo "2414"]
[Annotator "TA"]
[PlyCount "91"]
[EventDate "2018.??.??"]
[EventType "tourn"]
[EventCountry "RUS"]
[SourceTitle "playchess.com"]
[Source "ChessBase"]
[SourceQuality "1"]

{[%evp 11,91,14,15,-10,-16,-16,-17,-15,-24,-22,0,-17,-17,-10,-4,-45,0,0,0,0,0,0,8,7,7,6,22,9,18,27,45,41,52,53,79,58,68,55,72,68,116,114,98,95,116,82,81,62,139,136,130,126,129,99,223,166,464,259,423,251,582,575,675,666,878,878,871,845,1069,1059,846,618,650,628,1139,908,1595,1546,1445,1471,2047,1875]} 1. e4 c5 2. Nf3 d6 3. Nc3 Nf6 4. e5 dxe5 5. Nxe5 a6 6. g3 {B50: Sicilian: 2...d6, Miscellaneous} Qd6 {LiveBook: 4 Games} (6... Qc7 7. d4 cxd4 8. Qxd4 Nc6 9. Nxc6 Qxc6 10. Bg5 e6 11. Bxf6 gxf6 12. Qxf6 Rg8 13. O-O-O Be7 {½-½ (98) Artemiev,V (2691)-Mamedov,R (2709) Huaian 2017}) 7. Qe2 Nc6 8. Nxc6 {The position is equal.} Qxc6 9. Rg1 Bg4 $146 ({Predecessor:} 9... e6 10. Bg2 Qc7 11. d3 h6 12. Bf4 Bd6 13. Bxd6 Qxd6 {½-½ (42) Espinosa Aranda,A (2422)-Asis Gargatagli,H (2487) Linares 2016}) 10. Bg2 Qd7 11. f3 (11. Qe5 {keeps more tension.} Bh3 12. Bf3 Bg4 13. Bg2) 11... Be6 12. d3 g6 13. Be3 Rc8 14. Ne4 Nxe4 15. dxe4 Bg7 16. c3 $1 O-O 17. Kf2 Qa4 18. f4 Rfd8 19. e5 b5 (19... Bc4 $5 20. b3 $8 Bxe2 21. bxa4 Bd3 $11) 20. Rgd1 Rxd1 21. Qxd1 Qxd1 22. Rxd1 a5 23. Bb7 Rb8 24. Bc6 h6 25. Rd2 $36 {[%mdl 2048] White has some pressure.} f6 {[#]} 26. Bd5 $1 {[%cal Rd5e6]} (26. Bxc5 Rc8 $17) 26... Bxd5 27. Rxd5 $16 {[%mdl 4096] Endgame KRB-KRB} c4 28. Bd4 Kf7 29. Ke3 fxe5 (29... a4 $14) 30. fxe5 h5 31. Ke4 Bh6 32. Rd7 a4 (32... Bc1 $16 {might work better.}) 33. Bc5 Bc1 $2 {[#]} (33... Bf8 34. Ba7 Ke6) 34. Ba3 (34. Rxe7+ $142 Kg8 35. e6) 34... Kg8 $2 (34... Re8 {was called for.} 35. Rb7 Bh6) 35. e6 (35. Rxe7 $142 Rd8 36. e6) 35... Rf8 $2 (35... Bg5 {is a better chance.} 36. h4 (36. Bxe7 Bxe7 37. Rxe7 b4 $18) 36... Bf6 37. Bxe7 Bxe7) 36. Bxe7 $18 {White is clearly winning.} Rf2 37. Bb4 Re2+ 38. Kd5 Bg5 39. h4 Bf6 40. Rf7 Bg7 41. Rb7 Bf6 42. a3 g5 43. Rf7 Re5+ 44. Kd6 Bh8 45. Rf1 gxh4 46. gxh4 {Precision: White = 77%, Black = 28%.} 1-0

[Event "RUS-ch Youth U21 Boys 2018"]
[Site "Loo"]
[Date "2018.04.25"]
[Round "6"]
[White "Lobanov, Sergei"]
[Black "Lomasov, Semen"]
[Result "1-0"]
[WhiteElo "2482"]
[BlackElo "2550"]
[Annotator "TA"]
[PlyCount "82"]
[EventDate "2018.??.??"]
[EventType "tourn"]
[EventCountry "RUS"]
[SourceTitle "playchess.com"]
[Source "ChessBase"]
[SourceQuality "1"]

{[%evp 23,82,0,29,-30,-21,-16,-15,-12,0,0,0,0,0,0,0,0,0,0,0,0,0,0,0,0,0,0,25,25,19,16,23,23,54,31,31,31,49,49,98,83,105,93,101,100,132,135,406,381,355,352,414,354,518,476,1438,1406,1516,1604,1202,874,612]} 1. e4 e6 2. d4 d5 3. Nc3 Nf6 4. Bg5 dxe4 5. Nxe4 Be7 6. Bxf6 gxf6 7. Nf3 f5 8. Nc3 a6 {C13: French: Classical System: 4 Bg5 Be7, Alekhine-Chatard Attack} 9. g3 (9. Qd2 b5 10. O-O-O b4 11. Na4 Qd5 12. b3 Bd7 13. Bc4 Qd6 14. d5 e5 15. Rhe1 e4 16. Nd4 {1-0 (40) Carlsen,M (2832)-Grischuk,A (2750) chess.com INT 2017}) 9... b5 10. Bg2 Bb7 11. O-O c5 12. dxc5 Bxc5 {LiveBook: 23 Games} 13. Ne5 (13. Qe2 $142 Qe7 14. Ne5) 13... Bxg2 $11 14. Kxg2 {Strongly threatening Qxd8+.} Nd7 {[#]} 15. Nd3 $146 ({Predecessor:} 15. Nxd7 Qxd7 16. Qf3 {½-½ (29) Kovchan,A (2576)-Shankland,S (2661) Biel 2016}) 15... Bd4 16. Ne2 Bf6 17. Nef4 Ne5 18. Nxe5 Bxe5 19. Nd3 Qd5+ 20. Qf3 Qxf3+ 21. Kxf3 Bd6 22. c3 Ke7 23. a4 Rhd8 24. Ke3 Rac8 25. axb5 axb5 26. Ra7+ Rd7 27. Rfa1 Bb8 28. Rxd7+ Kxd7 $14 {[%mdl 4096] Endgame KRB-KRN} 29. Ra6 Rc4 30. Kd2 Kc7 {[#]} 31. Ne5 $1 {[%cal Re5c4]} Kb7 32. Ra5 ({Much worse is} 32. Nxc4 $6 Kxa6 33. Ne3 Ka5 $11) 32... Rc5 33. Nxf7 f4 34. c4 Kb6 $2 {[%mdl 8192]} (34... Kc8 $16) 35. Rxb5+ $18 Rxb5 36. cxb5 fxg3 37. hxg3 Kxb5 {KB-KN} (37... h5 $142 38. f4 Kxb5) 38. Ng5 {White is clearly winning.} Kc4 (38... h6 $142) 39. Nxh7 Ba7 40. f3 Bd4 {[#]} 41. b3+ $1 Kd5 {Precision: White = 87%, Black = 41%.} (41... Kxb3 42. Kd3) 1-0

[Event "RUS-ch Youth U21 Boys 2018"]
[Site "Loo"]
[Date "2018.04.25"]
[Round "6"]
[White "Khanin, Semen"]
[Black "Sarana, Alexey"]
[Result "0-1"]
[WhiteElo "2472"]
[BlackElo "2588"]
[Annotator "TA"]
[PlyCount "74"]
[EventDate "2018.??.??"]
[EventType "tourn"]
[EventCountry "RUS"]
[SourceTitle "playchess.com"]
[Source "ChessBase"]
[SourceQuality "1"]

{[%evp 23,74,7,0,0,-2,-17,-8,-18,0,-13,20,-47,-13,-17,0,-22,41,26,43,49,68,45,35,50,49,58,54,0,29,0,0,0,0,-7,-12,-10,-10,-10,-11,-10,-7,-8,-8,-8,-8,-34,-8,-12,-10,-70,-48,-5545,-5216]} 1. e4 c5 2. Nf3 d6 3. d4 cxd4 4. Nxd4 Nf6 5. Nc3 a6 6. f3 e5 7. Nb3 Be6 8. Be3 Nbd7 9. Qd2 b5 {[%cal Bb7b5,Bb5b4][%mdl 32]} 10. g4 b4 {B90: Sicilian Najdorf: Unusual White 6th moves, 6 Be3 Ng4 and 6 Be3 e5} 11. Nd5 (11. Ne2 h6 12. Ng3 d5 13. Bd3 Qc7 14. Qe2 dxe4 15. Nxe4 Nd5 16. Bd2 a5 17. c4 bxc3 18. Nxc3 Nxc3 19. Bxc3 {½-½ (51) Fedoseev,V (2724)-Robson,R (2645) chess.com INT 2018}) 11... Bxd5 12. exd5 Nb6 {LiveBook: 8 Games. The position is equal.} 13. a3 Nfxd5 {Threatening ...bxa3.} 14. Bxb6 Nxb6 15. axb4 Be7 16. Bxa6 Bh4+ $146 ({Predecessor:} 16... O-O 17. c3 Bg5 18. Qd3 {½-½ (35) Vesely,P (2578)-Bernal Varela,N (2105) LSS email 2012}) 17. Kf1 ({White should try} 17. Kd1 $11) 17... O-O {[%mdl 1024] Black has compensation.} 18. Kg2 Bg5 19. Qd3 d5 (19... h5 $11) 20. Nc5 $14 h5 21. gxh5 Qf6 22. Rhg1 Bf4 23. Kh1 Qh4 {[%csl Gf4][%cal Rh4h2] [#]} 24. Qe2 Qxh5 25. Nd3 (25. Rg4 $14) 25... Bh6 (25... Bxh2 $5 26. Qxh2 Qxf3+ 27. Rg2 Rxa6 28. Rxa6 Qd1+ 29. Ne1 Qxe1+ 30. Qg1 Qh4+ 31. Qh2 Qe1+ 32. Qg1 Qh4+ 33. Rh2 Qe4+ 34. Qg2 Qe1+ 35. Qg1 Qe4+ 36. Qg2 Qe1+ 37. Qg1 Qe4+ $11) 26. Qxe5 ({Don't play} 26. Nxe5 Rfe8 $15) 26... Qxf3+ 27. Rg2 Nc4 28. Qe2 Qf6 29. b5 Ne3 30. Rf2 Qd4 31. Qf3 Rab8 32. Rg1 Rb6 33. Rg3 f5 {[%cal Bf7f5,Bf5f4,Bf4e3][%mdl 32]} 34. Rg1 f4 35. Re2 Qe4 36. Rf1 (36. Rf2 $11) 36... Rf7 (36... g5 $5 {[%cal Rg5g4]} 37. Nc5 Qxf3+ 38. Rxf3 Rd6 $11) 37. Rxe3 $4 {[%mdl 8192] [#]} (37. Ne1 $15) 37... fxe3 {Precision: White = 44%, Black = 49%.} 0-1

[Event "RUS-ch Youth U21 Boys 2018"]
[Site "Loo"]
[Date "2018.04.25"]
[Round "6"]
[White "Yeletsky, Ivan"]
[Black "Drygalov, Andrey"]
[Result "1-0"]
[WhiteElo "2418"]
[BlackElo "2446"]
[Annotator "TA"]
[PlyCount "93"]
[EventDate "2018.??.??"]
[EventType "tourn"]
[EventCountry "RUS"]
[SourceTitle "playchess.com"]
[Source "ChessBase"]
[SourceQuality "1"]

{[%evp 27,93,-41,-44,-39,23,10,14,-3,-4,-8,-16,-10,-16,-32,-32,-20,-32,-28,-29,-39,-23,-33,79,81,70,66,103,98,119,107,148,150,155,152,174,126,118,98,361,169,405,229,441,446,447,495,496,495,491,490,483,483,441,412,487,448,650,643,1789,1350,29975,29976,29975,29976,29976,29977,29977,29974]} 1. d4 d5 2. c4 c6 3. Nf3 Nf6 4. Nc3 e6 5. Bg5 {[%cal Bc1g5,Bg5h4,Bh4g3,Bg3e5][%mdl 32]} h6 6. Bh4 dxc4 7. e4 g5 8. Bg3 b5 9. Be2 Bb7 10. h4 g4 11. Ne5 Nbd7 {D43: Semi-Slav: 5 Bg5 h6} 12. Nxd7 Qxd7 13. Be5 Qe7 (13... Bg7 14. Bxg4 O-O-O 15. Bh3 Ne8 16. Bxg7 Nxg7 17. Ne2 f5 18. b3 fxe4 19. bxc4 Nf5 20. O-O Nxd4 21. Nxd4 Qxd4 22. Bxe6+ Kb8 23. Qxd4 Rxd4 24. Rad1 {½-½ (24) Li,C (2741)-Gelfand,B (2719) Palma de Mallorca 2017}) 14. b3 Rg8 {LiveBook: 4 Games} 15. bxc4 Nd7 $146 ({Black should play} 15... b4 $15 16. Na4 Nxe4) ({Predecessor:} 15... b4 16. Na4 Nxe4 17. Bd3 f6 18. Bxe4 fxe5 19. dxe5 {½-½ (35) Cumming,D (2306)-Haapamaeki,M (2286) ICCF email 2017}) 16. Bg3 $11 Qa3 $1 {[%cal Ra3c3]} 17. Qc2 Bb4 18. Rc1 $1 Nf6 19. Bf4 c5 20. d5 Nxe4 21. Qxe4 Bxc3+ 22. Kf1 Bd4 23. Qb1 O-O-O {And now ...bxc4 would win.} 24. Qxb5 e5 (24... Qxa2 $15 {stays ahead.} 25. Rd1 (25. Rb1 Rd7 $11) 25... Rd7) 25. Rb1 $16 {[%csl Gb1][%cal Rb5b7] [#]} ({Reject} 25. Bxh6 Rd6 $15) 25... Rd7 26. Bxh6 Qxa2 {Strongly threatening ...Rg6.} 27. h5 $36 {[%mdl 2048] White is on the roll.} f5 {Threatens to win with ...f4.} 28. Be3 Bxe3 29. fxe3 Qa3 30. Qb3 Qa6 31. Qb2 Qd6 32. Bd1 f4 $2 {[%mdl 8192]} (32... Ba6 $16 {might work better.}) 33. exf4 (33. h6 $142 f3 34. gxf3) 33... Rf8 $2 (33... Qf8) 34. g3 (34. Rh4 $142 Rxf4+ 35. Kg1) 34... Kb8 $2 (34... exf4 35. Bxg4 fxg3+ 36. Ke1 (36. Kg1 Kd8 $16) 36... Kb8 37. Bxd7 Qxd7) 35. Bxg4 $18 Re7 36. h6 Qg6 37. h7 $1 {[%cal Rh7h8]} Rxh7 38. Rxh7 Qxh7 39. Qxe5+ Ka8 40. Re1 Qd3+ 41. Kf2 Qxc4 (41... a6 $142 42. Be2 Qh7) 42. d6 {aiming for Qe8+.} Qc2+ 43. Re2 Qh7 {[#]} 44. Qe8+ $1 {[%mdl 512] White mates.} Rxe8 45. Rxe8+ Bc8 46. Rxc8+ Kb7 47. Rc7+ {Precision: White = 66%, Black = 29%.} 1-0

[Event "RUS-ch Youth U21 Boys 2018"]
[Site "Loo"]
[Date "2018.04.26"]
[Round "7"]
[White "Sarana, Alexey"]
[Black "Lobanov, Sergei"]
[Result "1/2-1/2"]
[WhiteElo "2588"]
[BlackElo "2482"]
[Annotator "TA"]
[PlyCount "49"]
[EventDate "2018.??.??"]
[EventType "tourn"]
[EventCountry "RUS"]
[SourceTitle "playchess.com"]
[Source "ChessBase"]
[SourceQuality "1"]

{[%evp 34,49,7,33,14,-86,-77,-87,-79,-80,0,0,0,-79,0,0,0,-61]} 1. e4 c6 2. d4 d5 3. Nc3 dxe4 4. Nxe4 Bf5 5. Ng3 Bg6 6. h4 h6 7. Nf3 Nd7 8. h5 Bh7 9. Bd3 Bxd3 10. Qxd3 e6 11. Bd2 Ngf6 12. O-O-O Be7 13. Kb1 Qb6 {B19: Classical Caro-Kann: 4...Bf5 main line} 14. Rhe1 O-O 15. Nf5 Bb4 16. Nxh6+ gxh6 17. c3 Ba3 18. Bc1 $1 {LiveBook: 5 Games} Kh8 {[#]} ({Much weaker is} 18... Nxh5 $6 19. Qd2 $16) 19. Qe3 $146 {[#]} (19. Ka1 $11 {remains equal.}) ({Predecessor:} 19. Ka1 Bd6 20. Bxh6 Rg8 21. Ng5 Rxg5 22. Bxg5 {½-½ (40) Kokarev,D (2617)-Pershin,D (2353) St Petersburg 2017}) 19... Ng8 $1 $17 20. Ne5 {[#]} Nxe5 $1 21. Qxe5+ Kh7 (21... f6 $17 22. Qxe6 f5) 22. Qe4+ $1 $11 Kh8 (22... Kg7 $11) 23. Qe5+ $17 Kh7 24. Qe4+ $1 Kh8 25. Qe5+ 1/2-1/2

[Event "RUS-ch Youth U21 Boys 2018"]
[Site "Loo"]
[Date "2018.04.26"]
[Round "7"]
[White "Vavulin, Maksim"]
[Black "Khanin, Semen"]
[Result "1/2-1/2"]
[WhiteElo "2570"]
[BlackElo "2472"]
[Annotator "TA"]
[PlyCount "84"]
[EventDate "2018.??.??"]
[EventType "tourn"]
[EventCountry "RUS"]
[SourceTitle "playchess.com"]
[Source "ChessBase"]
[SourceQuality "1"]

{[%evp 21,84,18,28,45,37,32,27,24,47,0,0,9,10,0,0,0,0,0,0,0,0,0,0,0,0,0,0,0,0,0,0,0,0,0,0,0,0,0,0,0,0,-8,-8,-8,-8,-8,-8,-7,-8,-8,-8,-26,-20,-25,-15,-25,-34,-21,-12,-12,-8,-8,-8,-8,-8]} 1. e4 c5 2. Nf3 e6 3. d4 cxd4 4. Nxd4 Nc6 {[%cal Bb8c6,Bc6e5,Be5g4][%mdl 32]} 5. Nc3 Qc7 6. Be3 a6 7. Qf3 {B48: Sicilian: Taimanov: 5 Nc3 Qc7 6 Be3 a6 without Be2} Nf6 8. O-O-O Ne5 9. Qg3 b5 10. f4 {[%cal Bf2f4,Bf4f5][%mdl 32]} (10. a3 Bb7 11. Bxb5 Rc8 12. Ba4 Nxe4 13. Nxe4 Bxe4 14. Bf4 Qc4 15. Bxe5 Qxa4 {1-0 (38) Vachier Lagrave,M (2789)-Anand,V (2776) Karlsruhe/Baden-Baden 2018}) 10... Neg4 11. Bg1 h5 {LiveBook: 14 Games} 12. e5 b4 $1 {[%cal Rb4c3]} 13. Na4 Nd5 14. h3 Nh6 15. f5 $146 Bb7 16. Bd3 Be7 17. Be4 O-O $1 18. Qf3 ({Of course not} 18. f6 Bxf6 19. Bh2 h4 $17) 18... Rac8 19. f6 gxf6 20. exf6 Bxf6 21. Bh2 d6 $1 22. g4 Bxd4 23. Rxd4 Nf6 $1 24. Qxf6 {[#] White threatens Qg5+ and mate.} Bxe4 {[%csl Gc8,Ge4][%cal Rc7c2]} 25. c3 bxc3 (25... Bxh1 $2 {perishes.} 26. Bxd6 Qd8 27. Qxh6 $18) 26. b3 Bxh1 27. Bxd6 Qd8 $1 {[%cal Rd8f6]} 28. Qxh6 Qh4 $1 {Hoping for ...c2!} 29. Qe3 {[#]} e5 $1 30. Bxe5 {Black must now prevent gxh5.} Rcd8 31. gxh5 Rxd4 32. Bxd4 {Threatening mate with Qg1+.} f6 33. Qe6+ ({Much worse is} 33. Bxc3 Qg5 $17) 33... Rf7 34. Bxc3 Qxh5 35. Kb2 Kg7 36. Qe3 {aiming for Qg1+.} Qf3 37. Qg5+ Kh7 38. Qh4+ Kg6 39. Nc5 Bg2 {The position is equal.} 40. Qd4 Bxh3 41. Nd3 Kg7 {Strongly threatening ...Rd7.} 42. Nf4 Bf5 {Precision: White = 76%, Black = 89%.} 1/2-1/2

[Event "RUS-ch Youth U21 Boys 2018"]
[Site "Loo"]
[Date "2018.04.26"]
[Round "7"]
[White "Lomasov, Semen"]
[Black "Triapishko, Alexandr"]
[Result "1-0"]
[WhiteElo "2550"]
[BlackElo "2504"]
[Annotator "TA"]
[PlyCount "95"]
[EventDate "2018.??.??"]
[EventType "tourn"]
[EventCountry "RUS"]
[SourceTitle "playchess.com"]
[Source "ChessBase"]
[SourceQuality "1"]

{[%evp 17,95,37,46,33,67,18,64,64,64,63,54,61,55,58,70,60,89,90,101,89,131,137,147,143,145,144,142,135,115,111,167,163,167,170,166,132,154,139,291,271,347,331,335,312,327,327,312,279,273,268,304,292,360,354,480,470,436,333,629,371,293,283,264,0,298,199,376,370,370,349,1006,916,767,759,1702,1618,29986,29987,29987,29988]} 1. e4 c6 2. d4 d5 3. Nc3 dxe4 4. Nxe4 Nf6 5. Nxf6+ exf6 6. c3 Bd6 7. Bd3 Qc7 8. Ne2 Be6 9. Be3 {B15: Caro-Kann: 3 Nc3: 3...g6 and 3...dxe4 4 Nxe4 Nf6 5 Nxf6+ exf6} Nd7 {LiveBook: 14 Games} 10. c4 (10. Qd2 Nb6 11. Bf4 O-O 12. O-O Rad8 13. Rfe1 Rfe8 14. Bxd6 Qxd6 15. Qf4 Qd7 16. Ng3 Nd5 {0-1 (30) Fitzsimons,D (2372)-Howell,D (2655) Reading 2017}) 10... Bb4+ $146 ({Predecessor:} 10... b6 11. Qc2 g6 12. O-O-O f5 13. g3 f6 14. h3 c5 15. d5 Bf7 16. f4 O-O-O {1-0 (40) Zayan,O (2250)-Ismail,H (2257) Cairo 2014}) 11. Bd2 {White is slightly better.} Qa5 12. a3 Bxd2+ 13. Qxd2 Qxd2+ 14. Kxd2 O-O-O 15. Kc3 Nb6 16. b3 Kc7 17. Rhe1 g6 18. Nf4 Rd6 19. d5 Bc8 20. dxc6 bxc6 21. c5 Nd5+ {[#]} 22. Nxd5+ $1 Rxd5 23. Re7+ Rd7 (23... Kb8 $16 {was necessary.}) 24. Rae1 $18 Kd8 25. Rxd7+ Bxd7 {[%mdl 4096] Endgame KRB-KRB} 26. Re4 Re8 27. Ra4 Re5 $2 {[#]} (27... Re1 $16 {was worth a try.} 28. b4 (28. Rxa7 Rg1 $16) 28... Rh1) 28. b4 ({Not} 28. Rxa7 Rxc5+ 29. Bc4 Rf5 $16) 28... Rh5 29. h3 ({Less strong is} 29. Rxa7 Rxh2 30. a4 Rh5 $16) 29... Be6 30. Be4 Rh4 31. Bxc6 Kc7 {intending ...Rc4+.} 32. Bb5 Kb8 33. Bd3 f5 34. Ra6 g5 35. Rd6 Rf4 36. f3 g4 37. Be2 gxh3 $2 (37... gxf3 38. Bxf3 Kc7) 38. gxh3 Rh4 39. Bf1 Rf4 40. Be2 Rh4 $1 41. b5 {[%cal Bb4b5,Bb5a6][%mdl 32]} Kb7 $2 (41... Ra4 42. Rd8+ Kc7) 42. Rd4 Rxh3 43. a4 a5 $2 (43... Rh1 44. Kb4 Kc8) 44. bxa6+ Ka7 45. c6 {[%cal Bc5c6,Bc6c7][%mdl 32]} Rh2 46. Bc4 Rh6 47. Bxe6 Rxe6 48. c7 {Precision: White = 87%, Black = 23%.} 1-0

[Event "RUS-ch Youth U21 Boys 2018"]
[Site "Loo"]
[Date "2018.04.26"]
[Round "7"]
[White "Drygalov, Andrey"]
[Black "Paravyan, David"]
[Result "1/2-1/2"]
[WhiteElo "2446"]
[BlackElo "2631"]
[Annotator "TA"]
[PlyCount "92"]
[EventDate "2018.??.??"]
[EventType "tourn"]
[EventCountry "RUS"]
[SourceTitle "playchess.com"]
[Source "ChessBase"]
[SourceQuality "1"]

{[%evp 37,92,0,0,0,0,-34,-24,-27,-27,-21,-13,-12,-7,-15,0,-13,0,-22,-9,-18,-18,-16,-16,-16,-18,-13,0,-19,0,-24,-25,-32,-32,-32,-6,-32,0,0,0,0,0,0,0,0,0,0,0,0,0,0,0,0,0,0,0,0,0]} 1. e4 c5 2. Nf3 g6 3. d4 cxd4 4. Nxd4 Nf6 5. Nc3 d6 6. Be3 Bg7 7. f3 O-O 8. Qd2 Nc6 9. Bc4 Nxd4 10. Bxd4 Be6 11. Bb3 Qa5 12. O-O-O b5 13. Kb1 b4 14. Nd5 Bxd5 15. exd5 Qb5 {B77: Sicilian Dragon: Yugoslav Attack, 9 Bc4 sidelines} 16. Rhe1 a5 17. Qe2 Qxe2 18. Rxe2 a4 19. Bc4 Rfc8 {LiveBook: 12 Games} 20. b3 Rc7 {[#]} 21. f4 $146 ({Predecessor:} 21. Bb5 axb3 22. cxb3 Ra5 23. Bc4 {½-½ (41) Yu,Y (2721)-Guseinov,G (2634) Skopje 2015}) 21... Rb8 22. g3 Kf8 23. Rde1 h6 24. Kc1 Rbc8 25. Ba6 Rb8 26. Bc4 h5 27. Kd2 Rbc8 28. Kd3 Ng8 29. Bb6 Rb7 30. Bd4 Bxd4 31. Kxd4 {[#] Strongly threatening Ba6.} Ra7 32. c3 bxc3 33. Rc1 (33. b4 {feels hotter.} Rac7 34. Ba6 Rb8 35. a3 f5 36. Bd3) 33... axb3 34. axb3 Nf6 35. Rxc3 Ra1 36. Rcc2 Rca8 37. b4 {The position is equal.} R8a4 38. b5 Nd7 {[#] ...Nb6 is the strong threat.} 39. Ra2 Rd1+ 40. Kc3 $1 Rc1+ 41. Rac2 Rb1 42. Rb2 Rba1 43. Ra2 Rc1+ 44. Rac2 Rf1 45. Rf2 Rb1 46. Rb2 Rba1 {Precision: White = 63%, Black = 35%.} 1/2-1/2

[Event "RUS-ch Youth U21 Boys 2018"]
[Site "Loo"]
[Date "2018.04.26"]
[Round "7"]
[White "Ofitserian, Boris"]
[Black "Yeletsky, Ivan"]
[Result "1-0"]
[WhiteElo "2414"]
[BlackElo "2418"]
[Annotator "TA"]
[PlyCount "95"]
[EventDate "2018.??.??"]
[EventType "tourn"]
[EventCountry "RUS"]
[SourceTitle "playchess.com"]
[Source "ChessBase"]
[SourceQuality "1"]

{[%evp 18,95,17,19,29,22,24,11,19,1,20,6,33,0,56,50,82,68,89,104,143,113,163,147,150,143,147,131,142,138,158,161,165,127,143,133,246,194,179,206,167,187,278,275,432,458,425,435,396,355,306,314,307,305,295,282,340,330,322,316,307,325,411,372,472,455,633,632,612,611,588,570,837,818,29988,1145,29990,29991,29991,29992]} 1. Nf3 Nf6 2. c4 e6 3. g3 d5 4. Bg2 d4 5. O-O c5 6. e3 Nc6 7. exd4 cxd4 8. d3 Be7 {A13: English Opening: 1...e6} 9. Re1 (9. b3 O-O 10. Na3 e5 11. Nc2 Nd7 12. a3 a5 13. Rb1 Nc5 14. b4 axb4 15. axb4 Na4 16. Bd2 {0-1 (47) Wei,Y (2739)-Karjakin,S (2760) Medias 2017}) 9... O-O 10. Bg5 {LiveBook: 3 Games} Nd7 {The position is equal.} 11. Bxe7 Qxe7 12. Nbd2 $146 ({Predecessor:} 12. Na3 Nc5 13. Nc2 a5 14. Qe2 {½-½ (37) Ruck,R (2532)-Berzinsh,R (2444) Panevezys 2017}) 12... a5 13. Nb3 Rd8 14. Qe2 Qd6 15. Rac1 $36 {[%mdl 2048] White has some pressure.} e5 (15... a4 $11 16. c5 Qf8 17. Nbxd4 Nxd4 18. Nxd4 Nxc5) 16. c5 $14 Qg6 17. a3 f6 18. Nbd2 {[%cal Bb3d2,Bd2c4,Bc4d6][%mdl 32]} Nf8 19. Nc4 Qf7 20. Nfd2 {[%cal Bf3d2,Bd2c4,Bc4b6,Bb6d5][%mdl 32]} Be6 21. Nd6 Qc7 22. f4 exf4 23. gxf4 Kh8 24. N2c4 Bg8 25. Nb6 Rab8 {Threatening ...Rxd6.} 26. Nd5 Qd7 (26... Bxd5 $16 {might work better.} 27. Bxd5 Rxd6 28. cxd6 Qxd6) 27. b4 axb4 28. axb4 ({But not} 28. Nxb4 $6 Ng6 $16) 28... Ng6 29. Qf2 Qg4 {[#]} (29... Rf8 $142 30. b5 Na5) 30. Qg3 $1 $18 {[%cal Rg3g4]} Qh5 (30... h5 $142 31. Bf3 Qxg3+ 32. hxg3 h4) 31. Bf3 Qh4 32. b5 Na5 33. Rb1 Rd7 34. Qxh4 Nxh4 35. Bh1 Ng6 {intending ...Bxd5.} 36. Rf1 Ne7 37. Nxe7 Rxe7 38. c6 bxc6 39. bxc6 Nb3 40. Rfe1 Ra7 41. Rb2 h5 42. Rc2 Rc7 43. Re8 Rxe8 44. Nxe8 Ra7 {Black wants to play ...Ra1+.} 45. c7 Na1 46. Rc6 (46. c8=Q $142 Nxc2 47. Bd5 Kh7 48. Be4+ g6 49. Nxf6+ Kg7 50. Qxg8+ Kxf6 51. Qxg6+ Ke7 52. Qg7+ Kd6 53. Qxa7) 46... Nb3 47. c8=Q Ra1+ 48. Kg2 {Precision: White = 80%, Black = 35%.} 1-0

[Event "RUS-ch Youth U21 Boys 2018"]
[Site "Loo"]
[Date "2018.04.27"]
[Round "8"]
[White "Paravyan, David"]
[Black "Ofitserian, Boris"]
[Result "1-0"]
[WhiteElo "2631"]
[BlackElo "2414"]
[Annotator "TA"]
[PlyCount "61"]
[EventDate "2018.??.??"]
[EventType "tourn"]
[EventCountry "RUS"]
[SourceTitle "playchess.com"]
[Source "ChessBase"]
[SourceQuality "1"]

{[%evp 9,61,4,14,0,0,0,0,0,0,0,1,0,12,0,0,-40,-29,-33,-25,-19,-33,-35,-47,-42,-41,-56,-40,-85,-83,-83,-40,-81,-47,-68,41,-87,352,342,408,159,160,152,152,152,155,145,264,264,393,370,506,500,860,462]} 1. e4 c5 2. Nc3 d6 3. d4 cxd4 4. Qxd4 Nc6 5. Qd2 (5. Bb5 Bd7 6. Bxc6 Bxc6 7. Nge2 Nf6 8. f3 e5 9. Qd3 h6 10. Be3 Be7 11. O-O-O {0-1 (37) Guseinov,G (2646)-Amonatov,F (2636) Riadh 2017}) 5... g6 6. b3 $146 {B23: Closed Sicilian: Lines without g3} ({Predecessor:} 6. Bc4 Bh6 7. f4 Nf6 8. Nf3 O-O 9. O-O Bg7 10. Qe2 Bg4 11. Be3 {1-0 (29) Bladyko,P (1689)-Hasan,K (1860) IECC email 2008}) 6... Bh6 7. f4 Nf6 8. Bb2 {The position is equal.} e5 9. g3 O-O 10. O-O-O a5 11. Bg2 Be6 12. Nge2 Qb6 13. Nd5 Bxd5 $1 14. exd5 Ne7 15. Nc3 Nf5 16. Rde1 exf4 17. gxf4 Qb4 18. Kb1 Bxf4 19. Qd3 Rfe8 20. a3 Qb6 $1 21. Bh3 Ne3 ({Black should try} 21... Ng7 $1 $15) 22. Nb5 (22. Re2 $14 {stays ahead.}) 22... Nfg4 $2 {[%mdl 8192]} ({Not} 22... Nfxd5 23. c4 $16) (22... Ne4 $1 $17 {[%cal Re4f2] Hoping for ...Nf2.} 23. Bd4 Nc5 24. Rxe3 Rxe3 25. Bxe3 Bxe3 26. Qxe3 Qxb5) 23. Bd4 ({But not} 23. Qc3 $2 Be5 $19) 23... Qa6 {And now ...Nf2 would win.} 24. Nc7 $2 (24. Bxg4 $1 $18 Nxg4 25. c4 Rxe1+ 26. Rxe1) 24... Qxd3 $16 25. cxd3 Nf2 26. Nxe8 Rxe8 {[#]} 27. Rhf1 $1 $36 {[%cal Rf1f2][%mdl 2048] White is in control.} ({Much less strong is} 27. Bd7 $6 Rd8 $14) 27... Nxd3 {[#]} (27... Nxh3 $16 28. Rf3 Kf8) 28. Re2 $1 $18 Kf8 (28... f5 {is a better defense.}) 29. Rf3 Re4 30. Bxe3 f5 (30... Rxe3 $142 31. Rfxe3 Bxe3 32. Rxe3 Nf4) 31. Bf1 {Precision: White = 46%, Black = 36%.} 1-0